000 01120nmc a2200373 a 4500
003 AR-BaBNM
005 20251128203924.0
008 011101s1991 ||||||||||||||000 | spa||
020 _a950-755-007-0
040 _cAR-BaBNM
100 1 _aPérez Alvarez, Sergio
245 1 0 _aEl diagnóstico de la situación educativa
_bsus cuatro niveles
250 _a3ª ed. aum. y corr.
260 _aBuenos Aires
_bBraga
_c1991
300 0 _a173 p.
_btablas
490 0 _aDidáctica operativa
_vv. 22
500 0 _aPrólogo a la 1º edición de Juan Emilio Cassani
504 _aBibliografía en p. 163-165
650 4 _aDIAGNOSTICO EDUCACIONAL
650 4 _aPRUEBAS PSICOLOGICAS
650 4 _aESTRUCTURA DEL GRUPO
650 4 _aPERSONAL DE EDUCACION
650 4 _aMEDIO SOCIAL
650 4 _aEVALUACION DEL ALUMNO
650 4 _aEVALUACION PSICOLOGICA
650 4 _aENTREVISTAS
650 4 _aPADRES
650 4 _aRESPONSABILIDAD DE LOS PADRES
653 0 _aESTABLECIMIENTOS EDUCATIVOS
653 0 _aPROBLEMAS EDUCATIVOS
800 1 _aPérez Alvarez, Sergio
_edirector
942 _cBK
998 _cCarmen
999 _c5475
_d5475